|
|
|
|
| LEADER |
00000cam a2200000 a 4500 |
| 001 |
vtls010682634 |
| 003 |
SK-MaSNL |
| 005 |
20260426002922.0 |
| 008 |
240314s2015 xo g 000 0 slo |
| 015 |
|
|
|a SNBA2015/07
|
| 020 |
|
|
|a 9788080618322
|q (viaz.)
|
| 035 |
|
|
|a 1B0468BE-3393-489B-8C0E-FFA3269744F3
|
| 035 |
|
|
|a urn:nbn:sk:snk-amkt4t
|
| 035 |
|
|
|a urn:nbn:sk:snk-am0056os
|
| 040 |
|
|
|a SNK
|b slo
|c SNK
|e AACR2
|
| 041 |
0 |
|
|a slo
|
| 043 |
|
|
|a e-xo---
|
| 044 |
|
|
|a xo
|c SK
|
| 072 |
|
7 |
|a 316.7
|x Sociológia kultúry. Kultúrny život
|2 konspekt
|
| 072 |
|
7 |
|a 32
|x Politika
|2 konspekt
|
| 080 |
|
|
|a 316.728
|2 2001
|
| 080 |
|
|
|a 32:316.3
|2 2001
|
| 080 |
|
|
|a (437.6)
|2 2001
|
| 080 |
|
|
|a (0:82-4)
|2 2001
|
| 100 |
1 |
|
|a Čomaj, Ján,
|d 1935-2020
|4 aut
|9 98315
|
| 245 |
1 |
0 |
|a My a čas
|c Ján Čomaj
|
| 250 |
|
|
|a 1. vyd.
|
| 260 |
|
|
|a [Bratislava]
|b Vydavateľstvo Spolku slovenských spisovateľov
|c 2015
|
| 300 |
|
|
|a 157 s.
|c 21 cm
|
| 650 |
0 |
7 |
|a spoločenský život
|2 SNKPH
|9 28654
|
| 650 |
0 |
7 |
|a politický život
|2 SNKPH
|9 74723
|
| 650 |
0 |
7 |
|a Social life
|2 SNKPHeng
|9 265081
|
| 650 |
0 |
7 |
|a Political life
|2 SNKPHeng
|9 312824
|
| 651 |
|
7 |
|a Slovensko
|2 SNKPH
|9 14231
|
| 651 |
|
7 |
|a Slovakia
|2 SNKPHeng
|9 92630
|
| 655 |
|
7 |
|a úvahy
|2 SNKPH
|9 29403
|
| 655 |
|
7 |
|a Essays
|2 SNKPHeng
|9 267540
|
| 852 |
|
|
|a Štátna vedecká knižnica v Banskej Bystrici
|
| 919 |
|
|
|a 978-80-8061-832-2
|
| 999 |
|
|
|c 930753
|d 932683
|
| 952 |
|
|
|a SNK
|b SNK
|y PREZ
|7 0
|p 17A1167618
|o snkSC 165427
|i snk2015/21459
|8 0
|0 0
|1 0
|4 0
|d 2015-07-13
|f 1
|l 0
|r 2026-02-24 08:47:17
|w 2026-02-24
|
| 952 |
|
|
|a SNK
|b SNK
|y VYP
|7 0
|p 17A1167619
|o snkSC 165427 D1
|i snk2015/21460
|8 0
|0 0
|1 0
|4 0
|d 2015-07-13
|l 0
|r 2026-02-24 08:47:17
|w 2026-02-24
|